000 00677nam a2200229Ia 4500
003 OSt
005 20220923212326.0
006 a|||||r|||| 00| 0
007 ta
008 220922b |||||||| |||| 00| 0 hin d
024 _a152,271
037 _cTextual
040 _aARTS
_cARTS
_bhin
041 _2hin
_ahin
082 _aN12vK0, 152H3
100 _aगुप्त, परमेश्वरी लाल
245 0 _aभारतीय वास्तु कला
246 _aBhāratīya vāstu kalā
260 _c1943
942 _hN12vK0, 152H3
_cTEXL
_2CC
999 _c307920
_d307920